Statistics for Guess the Taylor Swift song

Click here to take the quiz!

General Stats

  • This quiz has been taken 15 times
  • The average score is 164 of 300

Answer Stats

Answer% Correct
a
89%
the
89%
I
78%
of
78%
you
78%
(You
78%
and
67%
be
67%
if
67%
i'm
67%
in
67%
it
67%
me
67%
me?
67%
my
67%
on
67%
to
67%
why
67%
with
67%
all
56%
as
56%
but
56%
fire
56%
go
56%
have
56%
hear
56%
how
56%
just
56%
loved
56%
ricochet
56%
so
56%
tears
56%
that
56%
want
56%
We
56%
we
56%
wear
56%
when
56%
(when
56%
will
56%
your
56%
you're
56%
are
44%
ashes
44%
at
44%
babe
44%
bury
44%
can
44%
can't
44%
cause
44%
'cause
44%
cursing
44%
day
44%
dead
44%
deserve
44%
diamond
44%
did
44%
didn't
44%
dying
44%
even
44%
fight
44%
gather
44%
gave
44%
grace
44%
had
44%
hell
44%
here
44%
hero
44%
into
44%
jewels
44%
know
44%
line
44%
look
44%
Look
44%
made
44%
myself
44%
name
44%
never
44%
night
44%
not
44%
out
44%
ring
44%
room
44%
same
44%
saving
44%
some
44%
stayed
44%
still
44%
sunlit
44%
swear
44%
tell
44%
they'll
44%
this
44%
'Till
44%
turned
44%
up
44%
used
44%
wake
44%
wake?
44%
weepin'
44%
what
44%
wishing
44%
worst
44%
you'll
44%
anywhere
33%
around
33%
battleships
33%
beneath
33%
blame
33%
drunk
33%
face
33%
flying
33%
for
33%
ghostly
33%
good
33%
haunt
33%
home
33%
kill
33%
killed
33%
knowing
33%
lullabies)
33%
make
33%
mean
33%
pain
33%
scene
33%
screaming
33%
sink
33%
sleep
33%
stolen
33%
stones
33%
talk
33%
throw
33%
too
33%
tossing
33%
was
33%
waves
33%
would
33%
years
33%
aim
22%
blood
22%
bones
22%
brave
22%
crossing
22%
heart
22%
i'd
22%
miss
22%
sky)
22%
fearss
0%

Score Distribution

Percentile by Number Answered

Percent of People with Each Score

Your Score History

You have not taken this quiz